000 00382nam a22001697a 4500
003 UA-OsUOA
001 2921
007 ta
008 20050721b un ||||| |||| 00| 0 ukr d
100 _aAzar
700 _aBetty S.
942 _cBK
040 _aUA-OsUOA
_cUA-OsUOA
_dUA-OsUOA
245 _aUnderstanding and using english grammar.
_bEnglish Grammar
955 _a2
650 7 _2UDC
999 _c289083
_d289083